00859nam a22001337a 4500008004100000020001800041050001700059100002400076245011300100260003800213300002900251505041900280700002600699180924b xxu||||| |||| 00| 0 eng d a9780618611324 aQA152.2.A838 aAufmann, Richard N. aStudent solutions manual: algebra: introductory and intermediate./cVernon C. Barker and Joanne S. Lockwood. aBoston:bHoughton Mifflin,c2007. a336 p . :bill. ;c28cm. aContents: Real numbers and variable expressions -- First-degree equations and inequalities -- Geometry -- Linear function and inequalities in two variables -- Systems of linear equations and inequalities -- Polynomials -- Factoring -- Rational expressions -- Exponents and radicals -- Quadratic equations -- Functions and relations -- Exponential and logarithmic functions -- Review of introductory algebra topics. a Lockwood, Joanne S.